Save Chinese People From Zombies! - Statistics

General Stats
  • This quiz has been taken 97 times
    93 since last reset
  • The average score is 14 of 53
Answer Stats
Status Answer % Correct
30% Infected Beijing
96%
50% Infected Shanghai
88%
80% Infected Guangzhou/Shenzhen
82%
Completely Infected Wuhan
71%
30% Infected Tianjin
63%
Safe Xi'an
63%
30% Infected Chongqing
56%
50% Infected Chengdu
54%
50% Infected Nanjing
53%
50% Infected Xiamen
53%
80% Infected Ürümqi
46%
50% Infected Harbin
44%
50% Infected Qingdao
41%
30% Infected Hangzhou
38%
30% Infected Dalian
32%
50% Infected Lhasa
31%
50% Infected Zhengzhou
29%
50% Infected Changsha
28%
80% Infected Fuzhou
28%
Safe Kunming
26%
50% Infected Nanning
26%
50% Infected Hefei
25%
Completely Infected Jinan
24%
50% Infected Shijiazhuang
24%
30% Infected Changchun
22%
50% Infected Lanzhou
22%
80% Infected Ningbo
22%
50% Infected Suzhou
22%
50% Infected Shantou
18%
50% Infected Guiyang
16%
80% Infected Luoyang
16%
50% Infected Nanchang
16%
30% Infected Taiyuan
16%
50% Infected Wuxi
13%
50% Infected Zibo
13%
50% Infected Changzhou
12%
50% Infected Baotou
10%
Completely Infected Yantai
10%
50% Infected Dongguan
9%
30% Infected Foshan
9%
50% Infected Nantong
6%
Safe Tangshan
6%
30% Infected Weifang
6%
30% Infected Handan
4%
50% Infected Huizhou
4%
50% Infected Huizhou
4%
50% Infected Hengyang
3%
50% Infected Shaoxing
3%
50% Infected Yulin
3%
50% Infected Huaian
1%
50% Infected Liuzhou
1%
50% Infected Zhanjiang
1%
50% Infected Zhongshan
1%
No matching quizzes found
Score Distribution
Percent of People with Each Score
Percentile by Number Answered
Your Score History
You have not taken this quiz since the last reset